La credibilidad de los medios de comunicación en España (Record no. 14744)

MARC details
000 -LEADER
campo de control de longitud fija 00855nam a2200217 i 4500
001 - NÚMERO DE CONTROL
campo de control 14744
003 - IDENTIFICADOR DE NÚMERO DE CONTROL
campo de control ES-MaACL
005 - FECHA Y HORA DE LA ÚLTIMA TRANSACCIÓN
campo de control 20251112155551.0
007 - CAMPO FIJO DE DESCRIPCIÓN FÍSICA--INFORMACIÓN GENERAL
campo de control de longitud fija t|
008 - DATOS DE LONGITUD FIJA--INFORMACIÓN GENERAL
campo de control de longitud fija 990531s1998 sp ||||1| spa d
080 ## - NÚMERO DE LA CLASIFICACIÓN DECIMAL UNIVERSAL
Número de la Clasificación Decimal Universal 316.77
245 03 - MENCIÓN DEL TÍTULO
Título La credibilidad de los medios de comunicación en España
Resto del título : I Curso de Verano de la Asociación de la Prensa de Madrid : El Escorial, 13 al 17 de julio de 1998.
250 ## - MENCION DE EDICION
Mención de edición 1ª ed.
260 ## - PUBLICACIÓN, DISTRIBUCIÓN, ETC.
Lugar de publicación, distribución, etc. Madrid :
Nombre del editor, distribuidor, etc. Asociación de la Prensa de Madrid,
Fecha de publicación, distribución, etc. 1998.
300 ## - DESCRIPCIÓN FÍSICA
Extensión 254 p. :
Otras características físicas il. ;
Dimensiones 24 cm.
650 14 - PUNTO DE ACCESO ADICIONAL DE MATERIA--TÉRMINO DE MATERIA
Término de materia o nombre geográfico como elemento de entrada Medios de comunicación social y opinión pública.
9 (RLIN) 14981
710 2# - ENTRADA AGREGADA--NOMBRE DE ENTIDAD CORPORATIVA
Nombre de entidad corporativa o nombre de jurisdicción como elemento de entrada Asociación de la Prensa de Madrid
9 (RLIN) 1608
711 2# - ENTRADA AGREGADA--NOMBRE DE REUNIÓN
Nombre de congreso/reunión o jurisdicción como elemento de entrada Curso de verano de la Asociación de la Prensa de Madrid
Número del congreso/reunión o número de parte o sección (1º.
Fecha del congreso o de la firma del tratado 1998.
Sede del congreso/Lugar de la reunión El Escorial)
9 (RLIN) 608
852 ## - LOCALIZACIÓN
Ubicación ES-MaACL
Número de control de estantería L-21917
Sublocalización o colección R.127324
Holdings
Estatus retirado Estado de pérdida Estado de daño No para préstamo Biblioteca de origen Biblioteca actual Ubicación en estantería Fecha de adquisición Fuente de adquisición Total de préstamos Signatura topográfica completa Código de barras Visto por última vez Precio de reemplazo Tipo de ítem Koha
        Biblioteca del Ateneo de Madrid Biblioteca del Ateneo de Madrid Depósito 2 17/01/2008     L-21917 1014993 23/02/2023 23/02/2023 Libro impreso